000
00320nam a2200145Ia 4500
100
_a
Rhee/ Man/ Young
942
_c
BK
654
_a
Computer
245
_a
Cryptography & secure communication
260
_b
Mc Graw Hill
_a
Singapore
_c
1994
082
_a
5.82
_b
RHE
300
_a
504
546
_a
ENGLISH
999
_c
28232
_d
28232